000 00733nam a2200241Ia 4500
003 OSt
005 20220923221308.0
006 a|||||r|||| 00| 0
007 ta
008 220922b |||||||| |||| 00| 0 hin d
024 _a196,699
037 _cTextual
040 _aARTS
_cARTS
_bhin
041 _2hin
_ahin
082 _aP152, H3
100 _aवाजपेयी, किशोरीदास
245 0 _aब्रजभाषा का व्याकरण
246 _aBrajabhāṣhā kā vyākaraṇa
260 _c1943
490 _aहिमालय ग्रंथमाला,3
942 _hP152, H3
_cTEXL
_2CC
999 _c348570
_d348570